000 00400nam a2200181Ia 4500
001 15608
005 20260306170208.0
008 260306t1997||||xx |||||||||||||| ||und||
041 _aESP
082 _a551.1
_bC69
100 _aClifford, Nick
_eAUT
245 0 _aLa Tierra
260 _c1997
300 _a44 páginas :
_c24 cm.
650 _aGEN
654 _aCIC
942 _cLIB
_dJUS
_fJUS
_2ddc
_n
999 _c15608
_d15608